[Event "Oberliga Bayern 1415"]
[Site "Germany"]
[Date "2014.11.09"]
[Round "2.1"]
[White "Krivoborodov, Egor"]
[Black "Tournier, Mathieu"]
[Result "1-0"]
[WhiteElo "2511"]
[BlackElo "2317"]
[PlyCount "113"]
[EventDate "2014.10.19"]
[EventType "team-tourn"]
[EventRounds "9"]
[EventCountry "GER"]
[SourceTitle "EXT 2016"]
[Source "ChessBase"]
[SourceDate "2015.10.08"]
[SourceVersion "1"]
[SourceVersionDate "2015.10.08"]
[SourceQuality "1"]
[WhiteTeam "Garching"]
[BlackTeam "Bayern Muenchen II"]
[WhiteTeamCountry "GER"]
[BlackTeamCountry "GER"]

1. Nf3 Nf6 2. g3 d5 3. Bg2 Bg4 4. 0-0 c6 5. d3 Nbd7 6. Qe1 e5 7. e4 dxe4 8. dxe4 Be7 9. Nbd2 0-0 10. h3 Bh5 11. Nc4 Qc7 12. a4 Rfe8 13. Nh4 Nc5 14. Nf5 Bf8 15. Bg5 Nfd7 16. b3 Ne6 17. Bd2 Rad8 18. a5 Bg6 19. Be3 Bxf5 20. exf5 Nd4 21. Bxd4 exd4 22. Qd2 Ne5 23. a6 b5 24. Na5 c5 25. Rfe1 c4 26. Nb7 c3 27. Qd1 d3 28. Nxd8 d2 29. Re3 Rxd8 30. Qe2 b4 31. Rxe5 d1Q+ 32. Rxd1 Rxd1+ 33. Qxd1 Qxe5 34. Qd7 Qe7 35. Qb7 Qxb7 36. axb7 Bd6 37. Bd5 Kf8 38. Kg2 Ke7 39. Kf3 f6 40. Bg8 h6 41. Ke4 Bb8 42. Kd5 Bc7 43. f4 Bb8 44. Be6 Bc7 45. Kd4 Bb8 46. h4 Bc7 47. Bd5 Bb8 48. Be4 Bc7 49. Ke3 Bb8 50. g4 Bc7 51. g5 Kf8 52. Kf3 Bb8 53. Kg4 a5 54. Kh5 Bxf4 55. gxh6 gxh6 56. Kg6 Ke7 57. h5 1-0